[Event "Titled Tuesday intern op 12th May"]
[Site "Chess.com INT"]
[Date "2020.05.12"]
[Round "9"]
[White "Gavilan Diaz, Mario"]
[Black "Machado, Aquiles"]
[Result "1-0"]
[WhiteElo "2278"]
[BlackElo "2233"]
[PlyCount "57"]
[EventDate "2020.05.12"]
[EventType "swiss (blitz)"]
[EventRounds "10"]
[EventCountry "USA"]
[SourceTitle "EXT 2021"]
[Source "ChessBase"]
[SourceDate "2020.10.23"]
[SourceVersion "1"]
[SourceVersionDate "2020.10.23"]
[SourceQuality "1"]

1. d4 d6 2. c4 e5 3. Nf3 Nd7 4. Nc3 Ngf6 5. e4 g6 6. Be2 Bg7 7. 0-0 0-0 8. Re1 Re8 9. Bf1 exd4 10. Nxd4 Nc5 11. f3 a5 12. Be3 a4 13. Rb1 c6 14. b4 axb3 15. axb3 Nfd7 16. b4 Ne6 17. Nxe6 Rxe6 18. Qd2 Qf6 19. Ne2 Ne5 20. Bg5 Nxc4 21. Qc1 Qe5 22. Bf4 Qb5 23. Kh1 Na3 24. Nd4 Qb6 25. Nxe6 Bxe6 26. Rb2 Bxb2 27. Qxb2 Nc4 28. Bxc4 Bxc4 29. Bh6 1-0

[Event "Titled Tuesday intern op 12th May"]
[Site "Chess.com INT"]
[Date "2020.05.12"]
[Round "3"]
[White "Yakovich, Yuri"]
[Black "Machado, Aquiles"]
[Result "1-0"]
[WhiteElo "2526"]
[BlackElo "2219"]
[PlyCount "59"]
[EventDate "2020.05.12"]
[EventType "swiss (blitz)"]
[EventRounds "10"]
[EventCountry "USA"]
[SourceTitle "EXT 2021"]
[Source "ChessBase"]
[SourceDate "2020.10.23"]
[SourceVersion "1"]
[SourceVersionDate "2020.10.23"]
[SourceQuality "1"]

1. d4 d6 2. e4 g6 3. c4 Bg7 4. Nc3 Nf6 5. Be2 0-0 6. Be3 e5 7. d5 c6 8. h4 cxd5 9. cxd5 a6 10. h5 b5 11. hxg6 fxg6 12. Qc2 Ng4 13. Bxg4 Bxg4 14. f3 Bd7 15. 0-0-0 Qa5 16. Kb1 Rc8 17. Qd2 b4 18. Nce2 Qb5 19. Nh3 a5 20. Ng5 h5 21. Ne6 Na6 22. g4 hxg4 23. Rdg1 Bxe6 24. dxe6 Nc5 25. Rxg4 Qd3+ 26. Qxd3 Nxd3 27. Rxg6 Rc7 28. Ng3 Nf4 29. Bxf4 exf4 30. Nf5 1-0

[Event "Titled Tuesday intern op 2nd Jan"]
[Site "Chess.com INT"]
[Date "2018.01.02"]
[Round "3"]
[White "Machado, Aquiles"]
[Black "Erdogan, Anil Berk"]
[Result "1-0"]
[WhiteElo "2065"]
[BlackElo "2106"]
[PlyCount "61"]
[EventDate "2018.01.02"]
[EventType "swiss (blitz)"]
[EventRounds "10"]
[EventCountry "USA"]
[SourceTitle "EXT 2021"]
[Source "ChessBase"]
[SourceDate "2020.10.23"]
[SourceVersion "1"]
[SourceVersionDate "2020.10.23"]
[SourceQuality "1"]

1. g3 d5 2. Bg2 c6 3. Nf3 Bg4 4. 0-0 Nd7 5. h3 Bxf3 6. Bxf3 e5 7. d3 f5 8. e4 Ngf6 9. exf5 Bc5 10. c3 0-0 11. d4 Bd6 12. dxe5 Nxe5 13. Bg2 Ne4 14. g4 Qh4 15. Nd2 Nxg4 16. Qxg4 Qf6 17. Nxe4 dxe4 18. Bxe4 Rae8 19. Bg2 Qe5 20. f4 Qc5+ 21. Kh1 Rxf5 22. Bd2 h5 23. Qf3 Rd5 24. Be1 Re3 25. Qf2 Rf5 26. Bd2 Rd3 27. Qxc5 Bxc5 28. Be4 Rxd2 29. Bxf5 g5 30. fxg5 Bd6 31. Rad1 1-0

[Event "Titled Tuesday intern op 2nd Jan"]
[Site "Chess.com INT"]
[Date "2018.01.02"]
[Round "6"]
[White "Machado, Aquiles"]
[Black "Manion, Josh"]
[Result "1/2-1/2"]
[WhiteElo "2057"]
[BlackElo "2400"]
[PlyCount "160"]
[EventDate "2018.01.02"]
[EventType "swiss (blitz)"]
[EventRounds "10"]
[EventCountry "USA"]
[SourceTitle "EXT 2021"]
[Source "ChessBase"]
[SourceDate "2020.10.23"]
[SourceVersion "1"]
[SourceVersionDate "2020.10.23"]
[SourceQuality "1"]

1. g3 Nf6 2. Bg2 g6 3. e4 d6 4. d4 Bg7 5. Nc3 0-0 6. Nge2 e5 7. h3 Nc6 8. Be3 exd4 9. Nxd4 Re8 10. 0-0 Bd7 11. f4 a6 12. a4 Nxd4 13. Bxd4 c5 14. Bf2 Bc6 15. Re1 Qc7 16. Qd2 Rad8 17. Rad1 b5 18. axb5 axb5 19. b3 b4 20. Nd5 Nxd5 21. exd5 Bd7 22. Rxe8+ Rxe8 23. Re1 Rxe1+ 24. Qxe1 h5 25. Qe7 Bf8 26. Qe3 Bf5 27. Qd2 Bg7 28. Kh2 Qa5 29. Bf3 Qa2 30. Bd1 Qa1 31. g4 hxg4 32. hxg4 Be4 33. Kg3 Bd4 34. Bxd4 Qxd4 35. Qxd4 cxd4 36. Kf2 f5 37. gxf5 gxf5 38. Ke1 Bxd5 39. Kd2 Be4 40. Bh5 Kg7 41. Be2 Kf6 42. Bc4 Ke7 43. Be2 d5 44. Bb5 Kd6 45. Be2 Kc5 46. Ba6 Kd6 47. Be2 Ke6 48. Bd1 Kd6 49. Be2 Kc5 50. Ba6 d3 51. cxd3 Bg2 52. Ke3 d4+ 53. Kd2 Bd5 54. Bc4 Bf3 55. Be6 Bg4 56. Bc4 Kd6 57. Bf7 Ke7 58. Bc4 Kf6 59. Ke1 Kg6 60. Kf2 Bd1 61. Ke1 Bg4 62. Kf2 Kh5 63. Kg3 Bd1 64. Bd5 Bc2 65. Bc4 Bd1 66. Bd5 Be2 67. Bc4 Bg4 68. Bd5 Bd1 69. Bc4 Bc2 70. Kh3 Kh6 71. Kh4 Bd1 72. Bd5 Bg4 73. Be6 Kg6 74. Bc4 Bd1 75. Bd5 Be2 76. Bc4 Bf3 77. Kg3 Bd1 78. Kh4 Bc2 79. Kg3 Kf6 80. Kh4 Bd1 1/2-1/2

[Event "Titled Tuesday intern op 2nd Jan"]
[Site "Chess.com INT"]
[Date "2018.01.02"]
[Round "2"]
[White "Martinez Reyes, Pedro Ramon"]
[Black "Machado, Aquiles"]
[Result "1-0"]
[WhiteElo "2414"]
[BlackElo "2056"]
[PlyCount "77"]
[EventDate "2018.01.02"]
[EventType "swiss (blitz)"]
[EventRounds "10"]
[EventCountry "USA"]
[SourceTitle "EXT 2021"]
[Source "ChessBase"]
[SourceDate "2020.10.23"]
[SourceVersion "1"]
[SourceVersionDate "2020.10.23"]
[SourceQuality "1"]

1. e4 Nf6 2. e5 Nd5 3. d4 d6 4. f4 dxe5 5. fxe5 Bf5 6. Nf3 e6 7. Nc3 Nb4 8. Bb5+ c6 9. Ba4 Be7 10. 0-0 0-0 11. Bb3 c5 12. a3 cxd4 13. Nxd4 Bc5 14. Be3 N4c6 15. Nxf5 Bxe3+ 16. Nxe3 Qb6 17. Qe2 Nxe5 18. Kh1 Nbc6 19. Nc4 Nxc4 20. Qxc4 Na5 21. Qb4 Qxb4 22. axb4 Nxb3 23. cxb3 a6 24. b5 axb5 25. Nxb5 Rac8 26. Rfc1 h6 27. h3 Rxc1+ 28. Rxc1 Rd8 29. Rc7 b6 30. Rb7 Rd1+ 31. Kh2 Rb1 32. Rxb6 Rxb2 33. Nd6 f6 34. b4 e5 35. b5 Re2 36. Rb8+ Kh7 37. b6 Rd2 38. b7 Rxd6 39. Rh8+ 1-0

[Event "Titled Tuesday intern op 4th July"]
[Site "Chess.com INT"]
[Date "2017.07.04"]
[Round "4"]
[White "Machado, Aquiles"]
[Black "Tagelsir, Abubaker"]
[Result "0-1"]
[WhiteElo "2038"]
[BlackElo "2219"]
[PlyCount "96"]
[EventDate "2017.07.04"]
[EventType "swiss (blitz)"]
[EventRounds "10"]
[EventCountry "USA"]
[SourceTitle "EXT 2021"]
[Source "ChessBase"]
[SourceDate "2020.10.23"]
[SourceVersion "1"]
[SourceVersionDate "2020.10.23"]
[SourceQuality "1"]

1. g3 d5 2. Bg2 c6 3. Nf3 Bg4 4. 0-0 e6 5. d3 Nd7 6. e4 Bd6 7. Nbd2 Ne7 8. h3 Bh5 9. Re1 0-0 10. c3 Rc8 11. d4 Bb8 12. g4 Bg6 13. Nh4 dxe4 14. Nxe4 Bxe4 15. Rxe4 Ng6 16. Nxg6 hxg6 17. f4 Nf6 18. Re1 Nd5 19. Qf3 Qh4 20. Rf1 b5 21. Bd2 a6 22. Rae1 Qd8 23. Qf2 Nb6 24. Be4 Nc4 25. Bc1 Nd6 26. Bf3 Ba7 27. Rd1 Qe7 28. Rfe1 c5 29. d5 c4 30. Be3 Bxe3 31. Qxe3 Rfe8 32. dxe6 fxe6 33. Qe5 Nf7 34. Qe4 Qh4 35. Bg2 g5 36. fxg5 Nxg5 37. Qe3 Rf8 38. Rf1 Rxf1+ 39. Rxf1 Rd8 40. Qf2 Nxh3+ 41. Bxh3 Qxh3 42. Qf7+ Kh7 43. Qxe6 Qg3+ 44. Kh1 Rd6 45. Qf5+ Rg6 46. Rf3 Qh4+ 47. Kg2 Qxg4+ 48. Qxg4 Rxg4+ 0-1